Manažment informačných zdrojov a knižnično-informačných služieb
Enregistré dans:
| Auteur principal: | |
|---|---|
| Collectivité auteur: | |
| Autres auteurs: | |
| Format: | Livre |
| Langue: | slovaque |
| Publié: |
Bratislava
ELET
2011
|
| Sujets: | |
| Tags: |
Pas de tags, Soyez le premier à ajouter un tag!
|
MARC
| LEADER | 00000nlm$a2200000$$$4500 | ||
|---|---|---|---|
| 001 | 0146535 | ||
| 005 | 20241001070801.3 | ||
| 020 | |a 978-80-88812-23-4 | ||
| 041 | 0 | |a slo | |
| 044 | |a SK | ||
| 245 | 1 | 0 | |a Manažment informačných zdrojov a knižnično-informačných služieb |c Soňa Makulová, Katarína Buzová |
| 264 | 1 | |a Bratislava |b ELET |c 2011 | |
| 610 | 2 | 0 | |a zdroje informačné elektronické |
| 610 | 2 | 0 | |a zdroje informácií |
| 610 | 2 | 0 | |a služby informačné |
| 610 | 2 | 0 | |a knižnice |
| 610 | 2 | 0 | |a knihovníctvo |
| 610 | 2 | 0 | |a technológie nové |
| 610 | 2 | 0 | |a stránky webové |
| 610 | 2 | 0 | |a komunikácia elektronická |
| 610 | 2 | 0 | |a komunikácia manažérska |
| 610 | 2 | 0 | |a manažment |
| 610 | 2 | 0 | |a manažment komunikačný |
| 610 | 2 | 0 | |a služby digitálne |
| 610 | 2 | 0 | |a internet |
| 100 | 1 | |a Makulová, Soňa | |
| 700 | 1 | |a Buzová, Katarína | |
| 710 | 2 | |a Filozofická fakulta UK. Katedra knižničnej a informačnej vedy | |